Hydraulics and fluid mechanics including hydraulics machines / (Record no. 13111)
[ view plain ]
| 000 -LEADER | |
|---|---|
| fixed length control field | 00384cam a2200145ua 4500 |
| 020 ## - INTERNATIONAL STANDARD BOOK NUMBER | |
| ISBN | 9788189401269 |
| 082 ## - DEWEY DECIMAL CLASSIFICATION NUMBER | |
| Classification number | 532 |
| Item number | MOD/HY |
| 100 ## - MAIN ENTRY--AUTHOR NAME | |
| Personal name | Modi, P.N . |
| 245 ## - TITLE STATEMENT | |
| Title | Hydraulics and fluid mechanics including hydraulics machines / |
| 250 ## - EDITION STATEMENT | |
| Edition statement | 15 / 18 |
| 260 ## - PUBLICATION, DISTRIBUTION, ETC. (IMPRINT) | |
| Place of publication | New Delhi : |
| Name of publisher | Standard book house , |
| Year of publication | 2005. |
| -- | 2011 |
| 300 ## - PHYSICAL DESCRIPTION | |
| Number of Pages | 1271 ; . |
| 700 1# - ADDED ENTRY--PERSONAL NAME | |
| Personal name | Seth, S.M . |
| 942 ## - ADDED ENTRY ELEMENTS (KOHA) | |
| Koha item type | Books |
| Withdrawn status | Lost status | Damaged status | Home library | Current library | Date acquired | Full call number | Accession Number | Koha item type | Collection code | Shelving location | Source of acquisition | Cost, normal purchase price |
|---|---|---|---|---|---|---|---|---|---|---|---|---|
| KAUAET | KAUAET | 07/04/2012 | 532 | 21462 | Books | |||||||
| KAUAET | KAUAET | 31/03/2012 | 532 MOD/HY | 22543 | Books | Non-fiction | General Stacks | |||||
| KAUAET | KAUAET | 31/03/2012 | 532 MOD/HY | 22544 | Books | Non-fiction | General Stacks | |||||
| KAUAET | KAUAET | 31/03/2012 | 532 MOD/HY | 22545 | Books | Non-fiction | General Stacks | |||||
| KAUAET | KAUAET | 31/03/2012 | 532 MOD/HY | 22546 | Books | Non-fiction | General Stacks | |||||
| KAUAET | KAUAET | 31/03/2012 | 532 MOD/HY | 22547 | Books | Non-fiction | General Stacks | |||||
| KAUAET | KAUAET | 31/03/2012 | 532 MOD/HY | 22548 | Books | Non-fiction | General Stacks | |||||
| KAUAET | KAUAET | 31/03/2012 | 532 MOD/HY | 22549 | Books | Non-fiction | General Stacks | |||||
| KAUAET | KAUAET | 31/03/2012 | 532 MOD/HY | 22550 | Books | Non-fiction | General Stacks | |||||
| KAUAET | KAUAET | 31/03/2012 | 532 MOD/HY | 22551 | Books | Non-fiction | General Stacks | |||||
| KAUAET | KAUAET | 31/03/2012 | 532 MOD/HY | 22552 | Books | Non-fiction | General Stacks | |||||
| KAUAET | KAUAET | 30/03/2013 | 532 MOD/HY | 23719 | Books | Non-fiction | General Stacks | Calicut Book Distributors | 640.00 |
